000 00680nam a2200193Ia 4500
003 OSt
005 20240805162029.0
008 210210b2001 xxu||||| |||| 00| 0 eng d
040 _cAL
041 _aKonkani
082 _a891.468 KARS
100 _aKARNATAKA KONKANI SAHITYA AKADEMI
_9141695
_dಕರ್ನಾಟಕ ಕೊಂಕಣಿ ಸಾಹಿತ್ಯ ಅಕಾಡೆಮಿ
245 _aSvami supriya (C C A Pai)
_bಸ್ವಾಮಿ ಸುಪ್ರಿಯಾ (ಫಾ|ಸಿ.ಸಿ.ಎ.ಪೈ) 1927-2001
260 _aMangalur
_bKarnataka Konkani Sahitya Akademy.
_c2001
300 _avi,38
690 _aKonkani Biography
_9141702
906 _a064019
942 _2ddc
_cBK
999 _c139368
_d139368